Essentials of obstetrics (Record no. 29808)

MARC details
000 -LEADER
fixed length control field 00529nam a2200193Ia 4500
020 ## - INTERNATIONAL STANDARD BOOK NUMBER
ISBN 9789386056665
050 ## - CALL MARK
Classification number RG 531 .O27/
100 ## - STATEMENT OF RESPONSIBILITY--MAIN AUTHOR NAME
Personal name Edited by Sabaratnam Arulkumaran, V Sivanesaratnam, Alokendu Chatterjee, Pratap Kumar
245 #0 - TITLE STATEMENT
Title Essentials of obstetrics
250 ## - EDITION / VOLUME STATEMENT
Edition / Volume statement 3rd ed
260 ## - PUBLICATION, DISTRIBUTION, ETC. (IMPRINT)
Place of publication New Delhi
260 ## - PUBLICATION, DISTRIBUTION, ETC. (IMPRINT)
Name of publisher Jaypee Brothers Medical Publishers
260 ## - PUBLICATION, DISTRIBUTION, ETC. (IMPRINT)
Year of publication 2017
300 ## - PHYSICAL DESCRIPTION
Number of Pages 463 p
650 ## - SUBJECT ADDED ENTRY--TOPICAL TERM
Topical Term Obstetrics.
942 ## - ADDED ENTRY ELEMENTS (KOHA)
Koha item type Books
Holdings
Withdrawn status Lost status Source of classification or shelving scheme Damaged status Not for loan Permanent Location Current Location Shelving location Date acquired Accession Number Price effective from Koha item type
    Library of Congress Classification     Asokoro Library Asokoro Library Items on shelf 04/23/2025 0193855 04/23/2025 Books